LEADER 00804nam a2200193 i 4500 001 000000155093 003 CaOOAMICUS 005 20061102000000.0 008 061102s1930 it u000 u ita u 013 $a132442 040 $aSeMil$bita 245 10$aCatalogo della vendita all'asta della raccolta A. Celentano :$bGalleria Lurati (Milano) 260 $aMilano :$b[s.n.],$c1930. 300 $a27 p., [60] p. di tav. ;$c30 cm. 650 4$aPittura - Cataloghi.$0(OLS)http://semarc/subject/6979 850 $aSeMil 852 $aSeMil$W1$xVenegono$y1$m5L X 33$j106944$B106944$CSeMilBibl$Z2$F116206 $8I 996 $6245$aCatalogo della vendita all'asta della raccolta A. Celentano :$bGalleria Lurati (Milano)$9(OLS)http://semarc/title/227109 996 $6260$aMilano :$b[s.n.]$9(OLS)http://semarc/publisher/29709 LEADER 01117nam a2200253 i 4500 001 000000077550 003 CaOOAMICUS 005 20010704000000.0 008 010704n it u000 u ita u 013 $a48722 020 $a88-311-3159-1 040 $aSeMil$bita 245 10$a[2] /$ctraduzione e note Libri 6.-7. a cura di Franzo Migliore ; traduzione e note Libri 8.-10. a cura di Giovanni Lo Castro. 300 $a302 p. 490 0 $aCollana di testi patristici ;$v159 700 1 $aLo Castro, Giovanni.$0(OLS)http://semarc/name/18207 700 1 $aMigliore, Franzo.$0(OLS)http://semarc/name/7870 773 0 $aEusebius : Caesariensis $tStoria ecclesiastica.$dRoma : Cittą Nuova, 2001.$kCollana di testi patristici$g2$w()15790 830 0$aCollana di testi patristici ;$v159.$0(OLS)http://semarc/title/2 850 $aSeMil 852 $aSeMil$W1$xVenegono$y1$m2U III 259$j43702$B43702$CSeMilBibl$Z2$F43068 $81 961 $aSottoscrizione: Cittą Nuova (Agente) 996 $6020$a88-311-3159-1$9(OLS)http://semarc/number/59321 996 $6245$a[2]$9(OLS)http://semarc/title/125956